000 00556nam 22001813 4500
001 200743
090 _a200743
100 _a20260225d u||y0pory50 ba
200 _aOrganização da empresa
_fA. R. François
_gtradução de Eurico Mendes
210 _aPorto
_cRés Editora
_d[19??]
215 _a375 p.
_cencadernado
_d21 cm
606 _915014
_aGestão, administração de empresas. Organização
675 _a658
_vPT
_zpor
700 _916493
_aFrançois
_bA. R.
702 _916494
_aMendes
_bEurico
801 _aPT
_bBMMN
_gRPC
830 _cVanda
990 _cLIVROS